BIBLIOTECA

SENCICO

Empresas triunfadoras : Prácticas gerenciales efectivas (Registro nro. 1519)

Detalles MARC
000 -LEADER
fixed length control field 00745nam a2200253Ia 4500
005 - DATE AND TIME OF LATEST TRANSACTION
control field 20251020182514.0
008 - FIXED-LENGTH DATA ELEMENTS--GENERAL INFORMATION
fixed length control field 200515s9999 xx 000 0 und d
020 ## - INTERNATIONAL STANDARD BOOK NUMBER
International Standard Book Number 958-9042-43-0
082 ## - DEWEY DECIMAL CLASSIFICATION NUMBER
Classification number 658.15/J15
100 ## - MAIN ENTRY--PERSONAL NAME
Personal name Jagoe, A.L.
245 #0 - TITLE STATEMENT
Title Empresas triunfadoras : Prácticas gerenciales efectivas
260 ## - PUBLICATION, DISTRIBUTION, ETC.
Place of publication, distribution, etc. Washington
260 ## - PUBLICATION, DISTRIBUTION, ETC.
Name of publisher, distributor, etc. Legis Fondo Editorial
260 ## - PUBLICATION, DISTRIBUTION, ETC.
Date of publication, distribution, etc. 1988
300 ## - PHYSICAL DESCRIPTION
Extent 234 p.
500 ## - GENERAL NOTE
General note 1 ejemplar
520 ## - SUMMARY, ETC.
Summary, etc. Métodos empresariales garantizados y probados que le ayudarán para que tanto Ud. como su empresa triunfen, al tiempo que aumentan sus ganancias
650 ## - SUBJECT ADDED ENTRY--TOPICAL TERM
Topical term or geographic name entry element ADMINISTRACION DE EMPRESAS
650 ## - SUBJECT ADDED ENTRY--TOPICAL TERM
Topical term or geographic name entry element EMPRESAS
650 ## - SUBJECT ADDED ENTRY--TOPICAL TERM
Topical term or geographic name entry element GERENCIA
650 ## - SUBJECT ADDED ENTRY--TOPICAL TERM
Topical term or geographic name entry element LIB
942 ## - ADDED ENTRY ELEMENTS (KOHA)
Koha item type Libros
Existencias
Fecha de la última vez que lo usaron Pago total Signatura topográfica completa Código de barras Precio efectivo desde Tipo de documento Estado perdido Estado dañado No es para préstamo Retirado Ubicación permanente Ubicación actual Fecha de adquisición
15/05/2020   658.15/J15 Bib-Lima15051519 15/05/2020 Libros         Biblioteca Central Lima Biblioteca Central Lima 15/05/2020